Statistics for Country Globe To Flag - Multiple Choice

Click here to take the quiz!

General Stats

  • This quiz has been taken 95 times
    (19 since last reset)
  • The average score is 14 of 15

Answer Stats

QuestionAnswer% Correct
File:Mexico on the globe (Mexico centered).svg
100%
File:Argentina on the globe (South America centered).svg
100%
File:Saudi Arabia on the globe (Saudi Arabia centered).svg
100%
File:Ukraine on the globe (Europe centered).svg
100%
File:Spain on the globe (Spain centered).svg
100%
File:India on the globe (India centered).svg
100%
File:Colombia on the globe (Colombia centered).svg
100%
File:Russia on the globe (Russia centered) (alternative).svg
100%
File:Turkey on the globe (Turkey centered).svg
100%
File:Kazakhstan on the globe (Kazakhstan centered).svg
94%
File:Democratic Republic of the Congo on the globe (Africa centered).svg
88%
File:Tanzania on the globe (Africa centered).svg
82%
File:Iraq on the globe (Iraq centered).svg
82%
File:Sudan on the globe (Africa centered) (de-facto).svg
76%
File:Botswana on the globe (Africa centered).svg
59%

Score Distribution

Percentile by Number Answered

Percent of People with Each Score

Your Score History

You have not taken this quiz since the last reset